| 000 | 00539nam a2200181Ia 4500 | ||
|---|---|---|---|
| 008 | 240925s9999 xx 000 0 und d | ||
| 020 | _a9781259097195 | ||
| 082 | _a301.01 FAR | ||
| 100 | _aFarganis, James | ||
| 245 | 0 | _aReadings in Social Theory: the classic tradition to post-modernism | |
| 250 | _a6th | ||
| 260 |
_aNew Delhi: _bMcGraw Hill Education (India) Private Limited _c,2011. |
||
| 300 |
_aVarious pages _b0 _fOriginal |
||
| 500 | _aIncludes Index | ||
| 600 | _aSocial Sciences | ||
| 650 | _aSocial Sciences | ||
| 942 | _cBK | ||
| 999 |
_c16452 _d16452 |
||